logo

Bir Sreshtho Munshi Abdur Rouf Library
Jhenaidah Cadet College

মুদ্রণশৈলী: (Record no. 11406)

MARC details
000 -LEADER
fixed length control field 00942nam a2200253 a 4500
001 - CONTROL NUMBER
JCCL Control Number 11406
003 - CONTROL NUMBER IDENTIFIER
JCCL marc code BD-JhCC
005 - DATE AND TIME OF LATEST TRANSACTION
control field 20190921125923.0
008 - FIXED-LENGTH DATA ELEMENTS--GENERAL INFORMATION
fixed length control field 190911b 2018bg a|||| ||a| 000 0 ben d
020 ## - INTERNATIONAL STANDARD BOOK NUMBER
International Standard Book Number 9789846341362
035 ## - SYSTEM CONTROL NUMBER
system control number (BD-JhCC)11406
040 ## - CATALOGING SOURCE
Original cataloging agency BD-JhCC
Modifying agency BD-JhCC
041 ## - LANGUAGE CODE
Language code of Book ben
082 ## - DEWEY DECIMAL CLASSIFICATION NUMBER
Author mark and Year SHA 2018
Classification number 686.224
100 ## - MAIN ENTRY--PERSONAL NAME
Personal name শায়ক, কামরুল হাসান
245 ## - TITLE STATEMENT
Title মুদ্রণশৈলী:
Remainder of title নাদন্দনিক প্রকাশনার নির্দেশিকা /
Statement of responsibility, etc কামরুল হাসান শায়ক ।
260 ## - PUBLICATION, DISTRIBUTION, ETC. (IMPRINT)
Place of publication, distribution, etc ঢাকা:
Name of publisher, distributor, etc পাঞ্জেরী পাবলিকেশন্স লি ;
Date of publication, distribution, etc ২০১৮.
300 ## - PHYSICAL DESCRIPTION
Pagination ১৪৮ পৃ. :
Dimensions ২৬ সেমি.
490 ## - SERIES STATEMENT
Series statement প্রকাশনা বিষয়ক সিরিজ-১
650 ## - SUBJECT ADDED ENTRY--TOPICAL TERM
Topical term or geographic name as entry element Printing
650 ## - SUBJECT ADDED ENTRY--TOPICAL TERM
Topical term or geographic name as entry element Editing
942 ## - ADDED ENTRY ELEMENTS (KOHA)
Source of classification or shelving scheme Dewey Decimal Classification
Koha item type Books
Holdings
Source of classification or shelving scheme Damaged status Not for loan Home library Current library Shelving location Date of accession Cost, normal purchase price Total Checkouts Full call number Barcode Date last seen Copy number Koha item type
Dewey Decimal Classification     JCC Rouf Library JCC Rouf Library General Stacks 06/11/2019 533.00   686.224 SHA 2018 15429 09/11/2019 C-1 Books

JCC Library | Contacts | JCC Home

Last Update on 23 September 2017
Copyright @ 2017-2020 JCC Rouf Library
Rouf Library, Jhenidah Cadet College (JCC), Bangladesh